000 00325nam a2200133Ia 4500
008 240624s9999 xx 000 0 und d
041 _aeng
082 _a823 McD
100 _aMCDOUGALL CHRISTOPHER
245 _aBORN TO RUN
260 _c2010
_aNew Delhi
_bHaxhette India
300 _a287 : p. : cm. ; 21
365 _cRS
_b30
999 _c27639
_d27639